Регионална библиотека "Любен Каравелов" - Русе

Светът на мегамитовете (Запис номер 79916)

MARC детайли
000 -Лидер
Контролно поле с фиксирана дължина 01529nam a2200397 c 4500
003 - Код на организацията, давaща контролен номер
Контролно поле BLK
005 - Дата и час на последна редакция
Контролно поле 20240704120008.0
008 - Елементи от данни с фиксирана дължина
fixed length control field 180408b bul|||||r ||||||| ||bul||
010 ## - Наследен системен номер
LC control number KNG00084399000
020 ## - Международен стандартен номер на книга ISBN
Международен стандартен номер на книга ISBN 978-954-535-498-4
-- издат.: Нов бълг. унив.
040 ## - Източник на каталожния запис
Идентификатор на билиотеката - собственик на записа BLK
041 ## - Код за език
Код за езика на текст/звукозапис или на отделно заглавие Български
Код за езика КДБФ Български
080 ## - УДК
Текстов определител УДК Обща световна история. История на света
УДК код - определител по УДК 930.9
УДК определител
УДК - код + определител 930.9
080 ## - УДК
Текстов определител УДК История на България
УДК код - определител по УДК 94(497.2)
УДК определител
УДК - код + определител 94(497.2)
100 1# - Редна дума - Автор
Автор Цветков, Пламен Симеонов
Авторска отговорност първи автор
R(LIN) 365784
139 ## - Редно поле
Редна дума Цветков, Пламен Симеонов
Авторски знак Цветк - Ц 34
245 10 - Сведения за заглавието
Заглавие Светът на мегамитовете
Подзаглавни данни Някои полит. и историографски митове на ХХ в.
Редно поле (дума) Пламен Симеонов Цветков.
257 ## - Страна на издаване
Страна на създаване/издаване България
260 ## - Област на издателските данни
-- София
Име на издателя, разпространителя и проч. Нов бълг. унив.
Година на издаване 2008
300 ## - Физическа характеристика
Страници 431 с.
Размери/Мащаб 24 см
380 ## - Жанр
Жанр Обществени науки
500 ## - Общи забележки
Забележка Азб. показалец ; Библиогр. с. 393-398.
504 ## - Забележка за наличие на библиография и др
Забележка за наличие на библиография и под. 393-398
650 #4 - Допълнително описание по предмет – тема
Основно описание – тема или топоним история
9 (RLIN) 157727
650 #4 - Допълнително описание по предмет – тема
Основно описание – тема или топоним Свят - история
9 (RLIN) 269230
651 #4 - Допълнително описание по предмет - топоним
Географско понятие Свят
9 (RLIN) 179507
651 #4 - Допълнително описание по предмет - топоним
Географско понятие България
9 (RLIN) 241624
653 ## - Ключова дума – ненормативна
Ключова дума история
653 ## - Ключова дума – ненормативна
Ключова дума българска история
852 ## - Местоположение
Форматна сигнатура Цб 240478
856 4# - Електронен адрес и достъп
Електронен формат pdf - файл
Път до файла /url/
856 4# - Електронен адрес и достъп
Електронен формат pdf - файл
Път до файла /url/
942 ## - АРТИКУЛИ
Вид на библиотечния материал Книги
Скрит в OPAC Не
Koha issues (borrowed), all copies 7
944 ## - СЪЗДАВАНЕ И РЕДАКЦИЯ на ЗАПИСА
Създаване/Редакция Създаване
Дата на регистрацията/редакция 18.06.2008
Статус, дата на статуса Цветомила Тодорова
Служител, извършил регистрацията/редакцията 30576
944 ## - СЪЗДАВАНЕ И РЕДАКЦИЯ на ЗАПИСА
Създаване/Редакция Редакция
Дата на регистрацията/редакция 26.01.2009
Статус, дата на статуса ф /
Служител, извършил регистрацията/редакцията
999 ## - СИСТЕМНИ КОНТРОЛНИ НОМЕРА
Koha biblionumber 79916
Koha biblioitemnumber 79916
Наличности
Код за отписване Код за изгубен артикул Източник на класификационната схема Код за повреда Коз за рестрикции Код за отдаване Артикулен № Име на библиотеката - собственик Име на библиотеката, в която се намира в момента Статус (Текущо местоположение) Дата на вписване в системата Местоположение - отдел Цена в лева Инвентарен номер Систематично азбучна сигнатура Баркод Номер на екземпляра Цена в евро Служебна бележка Служебен тип на артикула
Изтеглен Не е изгубен Universal Decimal Classification Не е повреден без рестрикции заемане за дома 129307 Регионална библиотека "Любен Каравелов" Русе Регионална библиотека "Любен Каравелов" Русе Заемна - подръчен фонд 2008-06-18 Заемна - подръчен фонд 22.00 120000727241 930/Ц 34 П 120000727241 1 11.25 Дост: Pk Вид: Ф N: 4280 Дата: 04.06.2008 Книги
  Не е изгубен Universal Decimal Classification Не е повреден без рестрикции заемане за дома 129308 Регионална библиотека "Любен Каравелов" Русе Регионална библиотека "Любен Каравелов" Русе Заемна - подръчен фонд 2008-12-15 Заемна - подръчен фонд 22.00 120000732147 930/Ц 34 П 120000732147 2 11.25 Дост: Pk Вид: Ф N: 11857 Дата: 09.12.2008 Дата инв: 07.02.2018 Бележки инв: П2018 Книги
  Не е изгубен   Не е повреден без рестрикции ползва се в читалня 129309 Регионална библиотека "Любен Каравелов" Русе Регионална библиотека "Любен Каравелов" Русе Хранилище 2009-01-26 Хранилище 22.00 120000733043 Цб 240478 120000733043 3 11.25 Дост: Dp Вид: Д N: 35 Дата: 13.08.2008 Книги
  Не е изгубен Universal Decimal Classification Не е повреден   заемане за дома 677563 Регионална библиотека "Любен Каравелов" Русе Регионална библиотека "Любен Каравелов" Русе Заемна - подръчен фонд 2018-06-18 Заемна - подръчен фонд 31.00 120000821499 930/Ц 34 П 120000821499   15.85   Книги
Vip Innovations Ltd, Rousse, Bulgaria 2025